000
00272nam a2200097Ia 4500
008
230907s9999||||xx |||||||||||||| ||und||
082
_a
621.38
_b
GUP
245
0
_a
Electronic measurements instrumentation /
260
_a
S. K. Kataria & Sons,
_b
New Delhi :
_c
2011
942
_c
BK
999
_c
598930
_d
598930